00329nam a22001097a 4500003000400000005001700004008004100021040002700062100001400089245006000103260005600163OSt20240402153217.0240402b |||||||| |||| 00| 0 eng d cCentral Library MRSPTU aJ.L.Gupta aThe Ringside ViewbTrue Story of a Fight against Cancer aNew DelhibPicus Books (Hay House Publishers)c2015